| 000 | 00496nam a22001817a 4500 | ||
|---|---|---|---|
| 003 | KOHA_MİRAKIL | ||
| 005 | 20251218092124.0 | ||
| 008 | 251218b tu ||||| |||| 00| 0 tur d | ||
| 020 | _a9786051367750 | ||
| 040 |
_aTR-AnABB _btur _cTR-AnABB |
||
| 041 | _atur | ||
| 082 |
_a947.41 _bAZE 2024 |
||
| 245 | 1 | 0 | _aAzerbaycan Halk Cumhuriyeti 1918: kuruluş / |
| 260 |
_aAnkara : _bAnkara Üniversite Yayınları, _c2024 |
||
| 300 |
_a1013 sayfa ; _c24 cm |
||
| 650 | 0 | 4 | _aTarih |
| 942 |
_2ddc _cBK |
||
| 999 |
_c9745 _d9745 |
||
| 900 | _bGizem YORULMAZ | ||